000 00602nam a2200205 a 4500
001 18023
003 CO-ViMGA
008 141112s2004 ck r 000 u spa d
020 _a8486524628
040 _aCO-ViMGA
_bspa
_cCO-ViMGA
082 0 4 _a360 V158p
100 1 _aValverde Molina, Jesus
_925558
245 1 0 _aProceso de inadaptación social
260 _aMadríd (España),
_cPopular,
_c1996
300 _a319.p.
590 _aForma de adquisición : Premio - Mincultura - - Precio : 24.480
650 1 4 _aINADAPTACION SOCIAL - ESPAÑA
_925559
650 1 4 _aINTERACCION SOCIAL
942 _2ddc
_cBK
999 _c27401
_d27401